| 000 | 00436cam a22001337a 4500 | ||
|---|---|---|---|
| 008 | 180718b2000 xxu||||| |||| 00| 0 eng d | ||
| 082 | _aQ55x83 C437 | ||
| 245 | _aChile health insurance issues: old age and catastrophic health costs | ||
| 260 |
_aWashington, D.C. _bWorld Bank _c2000 |
||
| 300 | _a43p. | ||
| 440 | _aA World Bank country study | ||
| 650 | _aAged - Medical care - Chile | ||
| 650 | _aInsurance, Catastrophic health - Chile | ||
| 999 |
_c284918 _d284918 |
||